000 00485nam a22001697a 4500
003 BD-ChCU
005 20251102120423.0
008 251102b uk ||||| |||| 00| 0 eng d
040 _cBD-ChCU
082 _a910.4 SLS
100 _aSlocum, Captain Joshua
_915188
245 _aSaling alone around the world and voyage of the liberdade /
_cCaptain Joshua Slocum
260 _aLondon:
_bRupert Hart- Davis,
_cc1955
300 _a384p.
650 0 _aTravel
_915189
942 _2ddc
_cBK
_n0
999 _c109002
_d109002